| 000 | 00340nam a2200109Ia 4500 | ||
|---|---|---|---|
| 008 | 171211s9999 xx 000 0 und d | ||
| 245 | _aAbracadabra Violin: Book 1 (Abracadabra Strings) (Bk. 1) | ||
| 245 | _cChristopher Hussey and Peter Davey | ||
| 260 | _c2003 | ||
| 650 | _xmusic | ||
| 856 | _uhttp://down.ebook777.com/061/9780713663082.pdf | ||
| 999 |
_c348661 _d348661 |
||